000
00260nam a22001097a 4500
008
160510b xxu||||| |||| 00| 0 eng d
020
_a
0471215171
041
_a
eng
080
_a
54
245
_a
Chemistry matter and its changes;
_c
James Brady;
942
_2
udc
_c
BK
999
_c
1991
_d
1991